Quả còn của người Thái đen ở Mường Thanh
Giới thiệu về quả còn trong đời sống dân gian người Thái ở Mường Thanh, Điện Biên và quả còn trong tín ngưỡng của người làm "Một", trong tang lễ và trong thời hiện nay; một số bài thơ dân gian hát trong ngày hội tung còn thời kì...
Gardado en:
| Autor Principal: | |
|---|---|
| Formato: | Libro |
| Idioma: | Undetermined |
| Publicado: |
Hà Nội
Thời đại
2013
|
| Những chủ đề: | |
| Các nhãn: |
Engadir etiqueta
Sen Etiquetas, Sexa o primeiro en etiquetar este rexistro!
|
| Thư viện lưu trữ: | Trung tâm Học liệu Trường Đại học Cần Thơ |
|---|
| LEADER | 00981nam a2200193Ia 4500 | ||
|---|---|---|---|
| 001 | CTU_189200 | ||
| 008 | 210402s9999 xx 000 0 und d | ||
| 082 | |a 394.09597 | ||
| 082 | |b H121 | ||
| 100 | |a Tòng, Văn Hân | ||
| 245 | 0 | |a Quả còn của người Thái đen ở Mường Thanh | |
| 245 | 0 | |c Tòng Văn Hân | |
| 260 | |a Hà Nội | ||
| 260 | |b Thời đại | ||
| 260 | |c 2013 | ||
| 520 | |a Giới thiệu về quả còn trong đời sống dân gian người Thái ở Mường Thanh, Điện Biên và quả còn trong tín ngưỡng của người làm "Một", trong tang lễ và trong thời hiện nay; một số bài thơ dân gian hát trong ngày hội tung còn thời kì miền Bắc xây dựng chủ nghĩa xã hội. | ||
| 650 | |a Manners and customs,Phong tục tập quán | ||
| 904 | |i Giang | ||
| 980 | |a Trung tâm Học liệu Trường Đại học Cần Thơ | ||